Keys to the 21st century / (Record no. 157191)

MARC details
000 -LEADER
fixed length control field 00649nam a22002297a 4500
003 - CONTROL NUMBER IDENTIFIER
control field dpl
005 - DATE AND TIME OF LATEST TRANSACTION
control field 20180908121408.0
008 - FIXED-LENGTH DATA ELEMENTS--GENERAL INFORMATION
fixed length control field 180908b xxu||||| |||| 00| 0 eng d
010 ## - LIBRARY OF CONGRESS CONTROL NUMBER
LC control number B-159621
020 ## - INTERNATIONAL STANDARD BOOK NUMBER
International Standard Book Number 8186772154
035 ## - SYSTEM CONTROL NUMBER
System control number B-159621
040 ## - CATALOGING SOURCE
Original cataloging agency DPL
Language of cataloging EN
Transcribing agency 0
082 ## - DEWEY DECIMAL CLASSIFICATION NUMBER
Classification number 303.44
Item number KEY
245 ## - TITLE STATEMENT
Title Keys to the 21st century /
Statement of responsibility, etc ed.by jerome binde
250 ## - EDITION STATEMENT
Edition statement 2004
260 ## - PUBLICATION, DISTRIBUTION, ETC. (IMPRINT)
Place of publication, distribution, etc New Delhi
Name of publisher, distributor, etc New academic publishers
270 ## - ADDRESS
Address 3721/3, Nejaji Subhash Marg, Darya ganj
City New Delhi
Postal code 110092
300 ## - PHYSICAL DESCRIPTION
Extent 395p.:
Dimensions 22cm
500 ## - GENERAL NOTE
General note Include Biblography
700 ## - ADDED ENTRY--PERSONAL NAME
Personal name Binde,Jerome
942 ## - ADDED ENTRY ELEMENTS (KOHA)
Source of classification or shelving scheme Dewey Decimal Classification
Koha item type English Books
Classification part 303.44
Call number suffix KEY
Holdings
Withdrawn status Lost status Source of classification or shelving scheme Damaged status Not for loan Collection code Home library Current library Date acquired Cost, normal purchase price Total Checkouts Full call number Barcode Date last seen Price effective from Koha item type
    Dewey Decimal Classification     Non-fiction Patel Nagar Patel Nagar 08/09/2018 495.00   303.44 KEY B-159621 08/09/2018 08/09/2018 English Books

© Delhi Public Library
Hit Counter
free hit counter